| 000 | 00424nam a22001337a 4500 | ||
|---|---|---|---|
| 020 | _a9787506065894 | ||
| 082 |
_a915.2 _bBEN |
||
| 100 | _aBenedict, Ruth | ||
| 245 |
_aThe chrysanthemum and the sword : _bpatterns of Japanese culture (Chinese Edition) / _cRuth Benedict |
||
| 260 |
_aBoston : _bCNPIE Group Corporation, _c2013. |
||
| 300 |
_a238 p. ; _c23 cm. |
||
| 880 |
_6245-02\r _aθθ±δΈε / |
||
| 942 |
_2ddc _cBK |
||
| 999 |
_c591717 _d591717 |
||